All Organs of the Endocrine System - Statistics

General Stats
  • This quiz has been taken 17 times
  • The average score is 6 of 11
Answer Stats
Answer % Correct
Pancreas
86%
Thyroid gland
79%
Ovaries
64%
Adrenal glands
57%
Pituitary gland
57%
Testes
57%
Thymus
57%
Hypothalamus
50%
Pineal gland
43%
Parathyroid glands
29%
Placenta
0%
No matching quizzes found
Score Distribution
Percent of People with Each Score
Percentile by Number Answered
Your Score History
You have not taken this quiz